| 000 -LEADER |
| fixed length control field |
01736nam a2200397 i 4500 |
| 003 - CONTROL NUMBER IDENTIFIER |
| control field |
OSt |
| 005 - DATE AND TIME OF LATEST TRANSACTION |
| control field |
20230602144536.0 |
| 008 - FIXED-LENGTH DATA ELEMENTS--GENERAL INFORMATION |
| fixed length control field |
170830s2017 maua j 000 1 eng d |
| 020 ## - INTERNATIONAL STANDARD BOOK NUMBER |
| International Standard Book Number |
9780544867079 |
| 040 ## - CATALOGING SOURCE |
| Original cataloging agency |
KYC |
| Language of cataloging |
eng |
| Description conventions |
rda |
| Modifying agency |
BTCTA |
| -- |
YDXCP |
| -- |
JAO |
| -- |
SINLB |
| -- |
OCLCO |
| -- |
FMG |
| -- |
OJ4 |
| -- |
VTL |
| -- |
IHX |
| -- |
TXMCL |
| -- |
OCLCF |
| -- |
DAD |
| -- |
DLC |
| -- |
KH8 |
| Transcribing agency |
CaOL |
| 082 ## - DEWEY DECIMAL CLASSIFICATION NUMBER |
| Classification number |
800 REY |
| 100 1# - MAIN ENTRY--PERSONAL NAME |
| Personal name |
Rey, Margret, |
| Relator term |
creator. |
| 245 10 - TITLE STATEMENT |
| Title |
Curious George museum mystery : |
| Remainder of title |
curious about sequence / |
| Statement of responsibility, etc. |
adaptation by Anna Meier ; based on the TV series teleplay written by Joe Fallon. |
| 246 30 - VARYING FORM OF TITLE |
| Title proper/short title |
Museum mystery. |
| 264 #1 - PRODUCTION, PUBLICATION, DISTRIBUTION, MANUFACTURE, AND COPYRIGHT NOTICE |
| Place of production, publication, distribution, manufacture |
Boston, [MA] : |
| Name of producer, publisher, distributor, manufacturer |
Houghton Mifflin Harcourt, |
| Date of production, publication, distribution, manufacture, or copyright notice |
[2017] |
| 300 ## - PHYSICAL DESCRIPTION |
| Extent |
1 volume (unpaged) : |
| Other physical details |
colour illustrations ; |
| Dimensions |
21 cm. |
| 336 ## - CONTENT TYPE |
| Content type term |
text |
| Source |
rdacontent. |
| 336 ## - CONTENT TYPE |
| Content type term |
still image |
| Source |
rdacontent. |
| 337 ## - MEDIA TYPE |
| Media type term |
unmediated |
| Source |
rdamedia. |
| 338 ## - CARRIER TYPE |
| Carrier type term |
volume |
| Source |
rdacarrier. |
| 500 ## - GENERAL NOTE |
| General note |
"PBS Kids"--Cover. |
| 500 ## - GENERAL NOTE |
| General note |
"Activities inside!"--Cover. |
| 520 ## - SUMMARY, ETC. |
| Summary, etc. |
Helping the science museum unveil a new dinosaur skeleton, George notices that the specimen is missing one bone, so he teams up with the man with the yellow hat to retrace their steps and discover where the bone went missing. |
| 650 #0 - SUBJECT ADDED ENTRY--TOPICAL TERM |
| Topical term or geographic name entry element |
Curious George (Fictitious character) |
| Form subdivision |
Juvenile fiction. |
| 650 #0 - SUBJECT ADDED ENTRY--TOPICAL TERM |
| Topical term or geographic name entry element |
Monkeys |
| Form subdivision |
Juvenile fiction. |
| 650 #0 - SUBJECT ADDED ENTRY--TOPICAL TERM |
| Topical term or geographic name entry element |
Dinosaurs |
| Form subdivision |
Juvenile fiction. |
| 650 #0 - SUBJECT ADDED ENTRY--TOPICAL TERM |
| Topical term or geographic name entry element |
Fossils |
| Form subdivision |
Juvenile fiction. |
| 650 #0 - SUBJECT ADDED ENTRY--TOPICAL TERM |
| Topical term or geographic name entry element |
Lost articles |
| Form subdivision |
Juvenile fiction. |
| 650 #0 - SUBJECT ADDED ENTRY--TOPICAL TERM |
| Topical term or geographic name entry element |
Detective and mystery fiction. |
| Source of heading or term |
genre. |
| 700 1# - ADDED ENTRY--PERSONAL NAME |
| Personal name |
Rey, H. A. |
| Fuller form of name |
(Hans Augusto), |
| Dates associated with a name |
1898-1977, |
| Relator term |
creator. |
| 700 1# - ADDED ENTRY--PERSONAL NAME |
| Personal name |
Meier, Anna, |
| Relator term |
author. |
| 700 1# - ADDED ENTRY--PERSONAL NAME |
| Personal name |
Fallon, Joe, |
| Relator term |
screenwriter. |
| 710 2# - ADDED ENTRY--CORPORATE NAME |
| Corporate name or jurisdiction name as entry element |
PBS for Kids, |
| Relator term |
broadcaster. |
| 730 0# - ADDED ENTRY--UNIFORM TITLE |
| Uniform title |
Curious George (Television program) |
| 942 ## - ADDED ENTRY ELEMENTS (KOHA) |
| Source of classification or shelving scheme |
|
| Koha item type |
Books - Fiction |